000 01026nam a22002177a 4500
003 JO-AjAnu
005 20231128115715.0
008 231128b jo ||||| |||| 00| 0 ara d
020 _a9789957760519
040 _aJO-AjAnu
_bARA
_cJO-AjAnu
_dJO-AjAnu
041 0 _aARA
_hARA
050 _aTP248.65.
_bF66.S22
100 1 _aالسعدي، علي حمود
_964522
_eمؤلف
245 0 _aالأغذية المهندسة وراثيا /
_cعلي حمود السعدي
250 _aالطبعة الاولى
260 _aعمان، بابل :
_bدار الرضوان للنشر والتوزيع، مؤسسة دار الصادق الثقافية،
300 _a256 صفحة
500 _aيحتوي على مراجع باللغتين العربية والانجليزية
650 4 0 _aالاغذية-التكنولوجيا الحيوية-الهندسة الوراثية-النباتات
_964524
_vالاغذية-التكنولوجيا الحيوية-الهندسة الوراثية-النباتات
942 _2lcc
_cBK
_n0
999 _c33186
_d33186